00813nam a2200241 i 450000100060000000300090000600500170001500700030003200800410003508000210007608000210009710000190011824500490013725000120018626000600019830000550025849000780031360000190039170000230041083000580043385200390049185200410053093067ES-MaACL20250815121257.0t|050407s1972 sp af ||||1| spa d a74 Barjola, Juan a75 Barjola, Juan1 aBarjola, Juan.10aDibujos de Barjola / cpor Miguel Logroño. a1ª ed. aMadrid : bIbérico Europea de Ediciones, ccop. 1972. a[32] p. : bprincipalmente il. bl. y n. ; c31 cm.1 aCuadenos de arte. Maestros contemporáneos del dibujo y la pintura ;v2004aBarjola, Juan.0 aLogroño, Miguel.00aMaestros contemporáneos del dibujo y la pinturav20 aES-MaACLj2276-F-15 xOlim C-43962 aES-MaACLjE-14687 (10) xOlim P-1071